| 000 | 00669 a2200229 4500 | ||
|---|---|---|---|
| 001 | 111022 | ||
| 020 | _a9781599052182 | ||
| 041 | _apor | ||
| 082 | _aP Year 5 629 | ||
| 245 | 1 | 0 | _aCharles Lindbergh. |
| 300 | _a25 p. | ||
| 490 | _aGraphic biography | ||
| 697 | _aAir pilots - Biography - Comic books, strips, etc. | ||
| 697 | _aLindbergh, Charles A. (Charles Augustus), 1902-1974 - Comic books, strips, etc. | ||
| 697 | _aComic books, strips, etc. | ||
| 830 | _aGraphic biography | ||
| 856 | _u00001c/00001c45.jpg | ||
| 040 |
_aBR-BrIDEA _cBR-BrIDEA |
||
| 090 |
_aP Year 5 629 _bCHA |
||
| 260 |
_a[s.l.] _bSaddleback Educational Pub. _c2008 |
||
| 942 | _cBK | ||
| 999 |
_c111022 _d111022 |
||